| 000 | 00595nam a2200205Ii 4500 | ||
|---|---|---|---|
| 001 | 8771 | ||
| 003 | CO-ViMGA | ||
| 008 | 241108s9999||||xx |||||||||||||| ||und|| | ||
| 040 |
_aCO-ViMGA _bspa _erda _cCO-ViMGA |
||
| 041 | 0 | _aspa | |
| 082 | 0 | 4 | _a070.449 T596 |
| 100 | 1 |
_aAlvaro Tirado Mejía _944623 |
|
| 245 | 1 | 0 | _aReportajes sobre el socialismo Heterodoxo |
| 264 | 1 | _aBogotá, Colombia : Lealón, 1980 | |
| 300 | _avolumen | ||
| 336 |
_atext _btxt _2rdacontent |
||
| 337 |
_aunmediated _bn _2rdamedia |
||
| 338 |
_avolume _bnc _2rdacarrier |
||
| 940 | _aidficha_siabuc: 8574. -- ficha_no_siabuc:8771 | ||
| 999 |
_c39088 _d39088 |
||